MDQL
is popping MORE tags! Check the
thread
!
Quizzes
Events
Quiz Creation
Community
Videos
Private Events
Remove Ads
Sign In
Join for FREE
Feedback
Dark Mode
Quiz Categories
Sports
Geography
Music
Movies
Television
Just For Fun
Miscellaneous
History
Literature
Language
Science
Gaming
Entertainment
Religion
Holiday
For Kids
Quiz Lab
Recent
Popular Today
Quiz Kudos Today
Editor Picks
Curator Picks
Quizzes by...
Day
Popularity
Type
Ratings
Length
Year
Community
Subscriptions
Recent Discussions
Orange Saloon
Badges
Playlists
Quests
Create
Leaderboards
Showdown
Live 5
Trivia Bingo
Activity
Puzzle Library
Sporcle Events
Private Events
Virtual Trivia
Globe League
Become a Host
Pub Owners
SporcleCon
Opinionation
Our Games
Videos
Blog
Mobile Apps
Partnerships
Remove Ads and Go Orange
Feedback
Language
Vocabulary
Begins and Ends
Definition
Spanish
French
German
Italian
Chinese
Latin
Translation
Japanese
Language
Vocabulary
Begins and Ends
Definition
Spanish
French
German
Italian
Chinese
Latin
Translation
Japanese
Random Quiz
Search Sporcle
×
Quiz Lab
Quiz Lab
Language
Nation
Type in answers that appear in a list
Type in answers that appear in a list
Classic
Best Score? Go Orange.
European Countries in Official Language Stats
Can you name the European Countries in their Official Language?
By
Greenock
10m
71 Questions
633 Plays
633 Plays
633 Plays
Comments
Comments
Give Quiz Kudos
Give Quiz Kudos
-
- Ratings
hide this ad
More Info
Replay
Link that replays current quiz
Next Quiz
Link to next quiz in quiz playlist
You Got
0%
They Got
Avg Score
38%
Avg Friend Score
Upgrade to see
Score Distribution
Jump to the score distribution portion of the page
Score
0/71
Timer
10:00
0
Plays Today
Nation (in English)
Nation (in named language)
% Correct
United Kingdom
United Kingdom
88.3%
Italy
Italia
82.1%
France
France
81.8%
Ireland
Ireland
79.6%
Spain
España
79%
Spain
España
78.8%
Germany
Deutschland
75.7%
Malta
Malta
71.7%
Malta
Malta
71.7%
Monaco
Monaco
70.3%
Luxembourg
Luxembourg
70%
San Marino
San Marino
69.4%
Andorra
Andorra
68.4%
Portugal
Portugal
67.6%
Ireland
Éire
64.5%
Finland
Suomi
62.4%
Liechtenstein
Liechtenstein
61.8%
Austria
Österreich
61%
Belgium
Belgique
61%
Netherlands
Nederland
59.1%
Romania
România
59.1%
Switzerland
Suisse
58.5%
Kosovo
Косово
55.5%
Poland
Polska
54.7%
Moldova
Moldova
53.9%
Belgium
België
52.4%
Norway
Norge
52.1%
Denmark
Danmark
47.2%
Sweden
Sverige
45.7%
Iceland
Ísland
45.5%
Switzerland
Schweiz
41.9%
Luxembourg
Luxemburg
39.3%
Finland
Finland
39.3%
Croatia
Hrvatska
38.4%
Estonia
Eesti
37.8%
Turkey
Türkiye
31.9%
Nation (in English)
Nation (in named language)
% Correct
Russia
Rossiya
31.3%
Greece
Ελλάδα
30.8%
Belgium
Belgien
28.1%
Albania
Shqipëri
25.4%
Switzerland
Svizzera
25.4%
Slovakia
Slovensko
25.3%
Czech Republic
Česká republika
25.1%
Slovenia
Slovenija
24.2%
Montenegro
Црна Гора
23.7%
Lithuania
Lietuva
23.2%
Kosovo
Kosova
22.3%
Serbia
Србија
21.3%
Latvia
Latvija
21%
Hungary
Magyarország
20.2%
Vatican City
Citta del Vaticano
19.3%
Spain
Espanya
18.5%
Cyprus
Κύπρος
17.7%
Macedonia
Македонија
17.1%
Bosnia and Herzegovina
Bosna i Hercegovina
15.5%
Bosnia and Herzegovina
Босна и Херцеговина
15.5%
Bosnia and Herzegovina
Bosna i Hercegovina
15.5%
Belarus
Беларусь
14.4%
Belarus
Беларусь
14.4%
Luxembourg
Lëtzebuerg
11.8%
Georgia
Sakartvelo
11.5%
Cyprus
Kıbrıs
11.2%
Bulgaria
България
8.4%
Ukraine
Україна
8.2%
Switzerland
Svizra
7.4%
Spain
Espainia
3.9%
United Kingdom
An Ríocht Aontaithe
3%
United Kingdom
Unitit Kinrick
2.1%
United Kingdom
An Rìoghachd Aonaichte
1.7%
United Kingdom
Y Deyrnas Unedig
1.3%
United Kingdom
Ruwvaneth Unys
0.9%
Quiz Playlist
Details
Report
Send in Message
Add To Playlist
More Info:
Guess the name of each country in it's own official language(s)
Classic:
Type in answers that appear in a list
Last Updated: Feb 18, 2019
Quiz Scoreboard
CHALLENGE
Sign Up to Join the Scoreboard
Show All
Scores
Hide
Comments
May contain spoilers
Recently Published
Find the 'City' Movie
by crazypaving
Movies
60s
5x2 Blitz: Bands
by SL_Kpop136
Music
30s
Colored Red Africa Blitz
by spor1
Geography
30s
More to Explore
Quiz From the Vault
Featured Blog Post
14 Easter Pick-up Lines to Find Eggs With
hide this ad
You Might Also Like...
Tags
Country Quiz
Europe Quiz
Nation Quiz
English
name
official
Official Languages
Today's Top Quizzes in Language
Browse Language
hide this ad
Today's Top Quizzes in Nation
Browse Nation
Top Contributed Quizzes in Language
1
Arabic Numerals
2
1-10 Letter H Words III
3
1-10 Letter F Words III
4
1-10 Letter G Words III
5
1-10 Letter I Words III
6
1-10 Letter M Words III
7
1-10 Letter K Words III
8
1-10 Letter L Words III
9
1-10 Letter N Words III
10
1-10 Letter J Words III
Explore More
Trending Topics
Anime
Marvel
NBA
Harry Potter
Crossword
Disney
Kpop
WWE
Country
NFL
Soccer
Puzzle
Pokémon
The Office
Song
hide this ad
More By:
Greenock
Quiz
Plays
Rating
Category
Featured
Created
Greatest Zombie Films
881
2.17
Movies
Feb 10, 2010
Nation by Liquor
688
2.36
Miscellaneous
Feb 11, 2010
Islands of the British Isles
671
3.29
Geography
Feb 22, 2010
Football Clubs in Glasgow
643
4.50
Sports
Feb 19, 2010
European Countries in Official Language
633
4.50
Language
Mar 21, 2010
Go to Creator's Profile
Score Distribution
Quiz Creator Spotlight
Greenock
Follow
Send a Message
Quizzes Created
-
Created Quiz Play Count
-
More By This Creator
Popular Quizzes Today
1
Colored Red Africa Blitz
2
Find the US States - No Outlines Minefield
3
Find the 'City' Movie
4
5x2 Blitz: Bands
5
The Countries of the World
6
Find the US States
7
US States
8
9x9 Crossword: Cartoon Network
More Language Quizzes
4-Letter 'CH' Words
Published
Trending Quizzes
Colored Red Europe Blitz I
Colored Red Europe Blitz II
Colored Red Africa Blitz II
Colored Red Africa Blitz III
Colored Red Europe Blitz III
Recently Updated
Godzilla Movies
pecheneg
Grab Bag: 4-10 Letters
pecheneg
2024 March Madness Bracket
pecheneg
Famous TV Couples
Peacemaker
Champions League XIs: Real Madrid
pecheneg
Largest US Cities 1790-2010
pecheneg
Rides in Walt Disney World
pecheneg
Most Oscar Losses (Acting)
pecheneg
Beyoncé Albums
pecheneg
Leaping Animals
pecheneg
Trending Topics
Disney
Anime
NBA
Marvel
Kpop
Crossword
Harry Potter
The Office
Country
Puzzle
Soccer
NFL
WWE
Song
Pokémon
Your Account Isn't Verified!
In order to create a playlist on Sporcle, you need to verify the email address you used during registration. Go to your
Sporcle Settings
to finish the process.
Report this User
Report this user for behavior that violates our
Community Guidelines
.
Details:
Send Report
Go to the Sporcle.com Mobile Site →
Comments